Hóa đại cương /

שמור ב:
מידע ביבליוגרפי
מחבר ראשי: Hóa đại cương.
פורמט: Sách giấy
שפה:Vietnamese
יצא לאור: H. : Đại học và trung học chuyên nghiệp, 1969.
תגים: הוספת תג
אין תגיות, היה/י הראשונ/ה לתייג את הרשומה!
Thư viện lưu trữ: Thư viện Trường Đại học Đà Lạt
LEADER 00613nam a2200265 4500
001 DLU110122713
005 ##20110627
040 # # |a DLU  |b vie 
041 # # |a vie 
044 # # |a vn 
082 # # |a 540  |b KI-D 
100 # # |a Hóa đại cương. 
245 # # |a Hóa đại cương /  |c Kiêu Dinh. 
260 # # |a H. :  |b Đại học và trung học chuyên nghiệp,  |c 1969. 
300 # # |a 399 tr. ;  |c 27 cm. 
991 # # |a SH 
992 # # |a 0 
994 # # |a DLU 
900 # # |a True 
911 # # |a Trương Thị Mỹ Lệ 
925 # # |a G 
926 # # |a A 
927 # # |a SH 
980 # # |a Thư viện Trường Đại học Đà Lạt